1315 1373 1978 1213 1967 1020 1793 1154 1449 1068 1634 1576 1274 1109 1059 1784 1906 1924 1378 1241 1358 1757 1784 1490 1193 1741 1757 1715 1841 1580 1884 1275 1520 1672 1335 1243 1174 1844 1911 1190 1893 1932 1248 1682 1470 1990 1625 1142 1463 1042 1727 1491 1286 1860 1669 1301 1981 1212 1878 1318 1155 1701 1572 1925 1657 1834 1253 1286 1660 1737 1196 1892 1269 1406 1998 1495 1032 1934 1038 1639 1825 1079 1797 1618 1512 1786 1391 1886 1781 1808 1016 1932 1497 1652 1723 1231 1764 1626 1676 BCNSPRNW ULIB Ver.6.0+V

เปลี่ยนเป็นภาษาไทย

Change to English
 แสดงรายละเอียดบรรณานุกรม
  กลับหน้าหลัก

Brief Record : Get Marc (ISO 2709) : E-mail record : QR code < ปิดหน้าต่าง
LEADER : 00000nam 2200000uu 4500
001    13399112987
003     ULIB
008    110921s2553||||th 000 0 tha d
020    9786165000642
090    นว.^bณ429ย 2553
100 0  ณารา
245 00 ยุทธการล่าจารกรรมรัก/^cณารา
250    พิมพ์ครั้งที่ 2
260    กรุงเทพฯ :^bพิมพ์คำ,^c2553
300    340 หน้า
945    ^p240^l0^i18592
995    กัณชพร
999     ^aใช้งานได้ทุกระบบ
รายการนี้ยังไม่มีแท็ก
คุณยังไม่ได้ล็อกอิน คุณสามารถมีกิจกรรมร่วมกับเว็บไซต์ได้ แต่ต้องล็อกอินก่อน ::
  ล็อกอิน

รายการสื่อสารสนเทศ

ลำดับที่ ประเภท เลขเรียก/บาร์โค้ด สถานที่ สถานะ
1. นวนิยาย
นวนิยาย
นว. ณ429ย 2553  
  Barcode: 18592
ห้องสมุดวิทยาเขตสวรรค์ประชารักษ์
►นวนิยาย
บนชั้น
  ขอยืม

รายการใกล้เคียง
    ผู้แต่ง [ณารา]

BibComment


ยังไม่เคยถูกคอมเมนท์

คอมเมนท์ทรัพยากรรายการนี้
  คอมเมนท์: ยุทธการล่าจารกรรม..


 Copyright 2026. Bcnsprnw @Library